header

The evolutionary history of nematodes (Record no. 52898)

MARC details
000 -LEADER
fixed length control field 01320nam a2200325Ia 4500
100 1# - MAIN ENTRY--AUTHOR NAME
Personal name Poinar, George O.
245 14 - TITLE STATEMENT
Title The evolutionary history of nematodes
260 ## - PUBLICATION, DISTRIBUTION, ETC. (IMPRINT)
Place of publication Leiden ;
-- Boston :
Name of publisher Brill,
Year of publication 2011.
300 ## - PHYSICAL DESCRIPTION
Number of Pages xix, 429 p. :
Other physical details ill. (some col.).
650 #0 - SUBJECT ADDED ENTRY--TOPICAL TERM
Topical Term Nematodes
Topical Term Worms, Fossil.
856 40 - ELECTRONIC LOCATION AND ACCESS
Uniform Resource Identifier http://site.ebrary.com/lib/rucke/Doc?id=10631736

No items available.

© 2026 Rongo University
Contact us: librarian | system librarian | Rongo university